| 000 -LEADER |
| fixed length control field |
00548 a2200181 4500 |
| 008 - FIXED-LENGTH DATA ELEMENTS--GENERAL INFORMATION |
| fixed length control field |
191226b ||||| |||| 00| 0 eng d |
| 020 ## - INTERNATIONAL STANDARD BOOK NUMBER |
| International Standard Book Number |
9789352602001 |
| 041 0# - LANGUAGE CODE |
| Language code of text/sound track or separate title |
eng |
| 082 00 - DEWEY DECIMAL CLASSIFICATION NUMBER |
| Classification number |
658.7 |
| Item number |
D675 |
| 100 ## - MAIN ENTRY--PERSONAL NAME |
| Personal name |
Bowersox, Donald J. |
| 9 (RLIN) |
390 |
| 245 ## - TITLE STATEMENT |
| Title |
Supply chain logistics management |
| 250 ## - EDITION STATEMENT |
| Edition statement |
3rd ed. |
| 260 ## - PUBLICATION, DISTRIBUTION, ETC. (IMPRINT) |
| Place of publication, distribution, etc |
Chennai |
| Name of publisher, distributor, etc |
McGraw Hill Education |
| Date of publication, distribution, etc |
2010 |
| 300 ## - PHYSICAL DESCRIPTION |
| Extent |
498p. |
| 650 #0 - SUBJECT ADDED ENTRY--TOPICAL TERM |
| Topical term or geographic name as entry element |
Business Logistics |
| General subdivision |
Business Management |
| 700 ## - ADDED ENTRY--PERSONAL NAME |
| 9 (RLIN) |
393 |
| Personal name |
Closs, David J. |
| 942 ## - ADDED ENTRY ELEMENTS (KOHA) |
| Source of classification or shelving scheme |
|
| Item type |
Books |